000 00435nam a22001577a 4500
005 20251110093522.0
008 251110b |||||||| |||| 00| 0 eng d
020 _a979-8-88715-102-1
100 _aRICHARDS, CAROLYN R.
245 _aSOCIAL JOURNALISM
260 _aDUBLIN
_bORYSON PRESS
_c2023
300 _aVI, 296P.
500 _aINCLUDEX INDEX
650 _a1. SOCIAL JOURNALISM 2. MASS MEDIA- SOCIAL ASPECTS
942 _2lcc
_cBK
999 _c216143
_d216143